| 000 | 00559nam a2200205 u 4500 | ||
|---|---|---|---|
| 005 | 20240806063958.0 | ||
| 008 | 100805s2007 r 000 0 eng d | ||
| 020 | _a978992290835 | ||
| 035 | _aUPN01000177231 | ||
| 049 | _aCG | ||
| 050 | 4 |
_aPQ7499.3 _bG8.2 |
|
| 100 | 1 |
_aGuinea Diez, Gerardo, _d1955- |
|
| 245 | 1 | 3 |
_aEl árbol de Adán / _cGerardo Guinea Diez. |
| 260 |
_aBogotá : _bNorma, _c2007. |
||
| 300 | _a107 p. | ||
| 440 | 3 | _aLa otra orilla | |
| 650 | 4 |
_aLiteratura guatemalteca _913502 |
|
| 650 | 4 |
_aNOVELA GUATEMALTECA _94463 |
|
| 905 | _aLibro | ||
| 999 |
_c149334 _d149334 |
||